Ecology and biodiversity of Khijadiya bird sanctuary and its environs (a comprehensive study of wetland complex and the avifauna at Khijadiya): (For Reference Only) (Record no. 604557)

MARC details
000 -LEADER
fixed length control field 00822nam a2200145Ia 4500
008 - FIXED-LENGTH DATA ELEMENTS--GENERAL INFORMATION
fixed length control field 100415s9999 xx 000 0 und d
082 ## - DEWEY DECIMAL CLASSIFICATION NUMBER
Item number 21675
Classification number 598.2(5475)
100 ## - MAIN ENTRY--PERSONAL NAME
Personal name PANDEY, C.N.
245 ## - TITLE STATEMENT
Title Ecology and biodiversity of Khijadiya bird sanctuary and its environs (a comprehensive study of wetland complex and the avifauna at Khijadiya): (For Reference Only)
260 ## - PUBLICATION, DISTRIBUTION, ETC. (IMPRINT)
Place of publication, distribution, etc GANDHINAGAR
Date of publication, distribution, etc 2005
Name of publisher, distributor, etc GUJARAT ECOLOGICAL EDUCATION &
365 ## - TRADE PRICE
Price amount 1
630 ## - SUBJECT ADDED ENTRY--UNIFORM TITLE
Uniform title Ecology and biodiversity of Khijadiya bird sanctuary and its environs (a comprehensive study of wetland complex and the avifauna at Khijadiya): (For Reference Only)
730 ## - ADDED ENTRY--UNIFORM TITLE
Uniform title Ecology and biodiversity of Khijadiya bird sanctuary and its environs (a comprehensive study of wetland complex and the avifauna at Khijadiya): (For Reference Only)
942 ## - ADDED ENTRY ELEMENTS (KOHA)
Koha item type Book
Holdings
Withdrawn status Lost status Damaged status Not for loan Home library Current library Date acquired Cost, normal purchase price Total Checkouts Full call number Barcode Date last seen Price effective from Koha item type
        Bombay Natural History Society Bombay Natural History Society 02/21/2006 1.00   598.2(5475) 21675 BNHS-21675 04/15/2010 04/15/2010 Book